000 00703nam a2200265Ia 4500
003 OSt
005 20221006151152.0
006 a|||||r|||| 00| 0
007 ta
008 221006b |||||||| |||| 00| 0 jpn d
020 _c¥480
024 _a21,173
037 _bGift, Japan Foundation
_cTextual
040 _aEASL
_cEASL
_bjpn
041 _2jpn
_ajpn
082 _a1008376
100 _aMURAKAMI Yasusuke
_9128545
245 0 _aShinchukan daishu no didai
260 _aTokyo
_bKadokawa Bunko Japan
_c1986
300 _a371p.
_ccm.
490 _v JL
650 _aJL
942 _h1008376
_cTEXL
_2CC
999 _c1089259
_d1089259